Normal view
MARC view
- Qudosi, Muhammad Akram
Entry Personal Name
001 - CONTROL NUMBER
- control field: 17016
003 - CONTROL NUMBER IDENTIFIER
- control field: NUST
005 - DATE AND TIME OF LATEST TRANSACTION
- control field: 20190708064741.0
008 - FIXED-LENGTH DATA ELEMENTS
- fixed length control field: 190708|| aca||aabn | a|a d
040 ## - CATALOGING SOURCE
- Original cataloging agency: NUST
- Transcribing agency: NUST
100 ## - HEADING--PERSONAL NAME
- Personal name: Qudosi, Muhammad Akram
670 ## - SOURCE DATA FOUND
- Source citation: Work cat.: (NUST): Qudosi, Muhammad Akram, iqtibas ul anwar /, 2004.
